000 00530nam a2200217Ia 4500
003 OSt
005 20221007082507.0
006 a|||||r|||| 00| 0
007 ta
008 221006b |||||||| |||| 00| 0 eng d
024 _a20,937
037 _cTextual
040 _aFLL
_cFLL
_beng
041 _2eng
_aeng
082 _aZ2,2674
100 _aLal
_9632920
245 0 _aCommentaries on law of copyright and neighbours rights
250 _a2nd
942 _hZ2,2674
_cTEXL
_2CC
999 _c1166620
_d1166620